Filmesek Szegeden

Elmentve itt :
Bibliográfiai részletek
Dokumentumtípus: Cikk
Megjelent: 1964-08-01
Sorozat:Délmagyarország 54 No. 179
Kulcsszavak:Szegedi Ünnepi Hetek 1964, Filmfelvétel Szeged 1964, film
Online Access:http://dmarchiv.bibl.u-szeged.hu/75398
LEADER 00432nab a2200145 i 4500
001 delm75398
005 20180928084331.0
008 180928s1964 hu o 0|| hun d
040 |a SZTE Délmagyarország Archívum  |b hun 
041 |a hun 
245 0 0 |a Filmesek Szegeden  |h [elektronikus dokumentum] 
260 |c 1964-08-01 
300 |a 7 
490 0 |a Délmagyarország  |v 54 No. 179 
695 |a Szegedi Ünnepi Hetek 1964, Filmfelvétel Szeged 1964, film